Paroles: Somnambule - Cœur de Pirate - Statistiques

Statistiques générales
  • Ce quiz a été pris 24 fois
  • Le résultat moyen est 172 sur 248
Statistiques - réponses
Réponse % Correct
à
100%
et
100%
Et
100%
j'
100%
Je
100%
je
100%
m'
100%
s'
100%
d'
94%
D'
94%
de
94%
D'
94%
me
94%
c'
88%
est
88%
l'
88%
Mon
88%
mon
88%
ne
88%
suis
88%
en
81%
le
81%
Le
81%
Les
81%
mes
81%
Mes
81%
pas
81%
somnambule
81%
la
75%
Mais
75%
nuit
75%
par
75%
plus
75%
rêve
75%
se
75%
tout
75%
ce
69%
il
69%
jours
69%
son
69%
une
69%
devient
63%
instants
63%
qu'
63%
qui
63%
sans
63%
amour
56%
autrefois
56%
cassés
56%
cœur
56%
dans
56%
doutes
56%
lui
56%
moments
56%
mots
56%
perdent
56%
perdus
56%
pour
56%
que
56%
sais
56%
sens
56%
tous
56%
connais
50%
décidé
50%
était
50%
être
50%
Être
50%
idéaux
50%
inconnu
50%
incrédule
50%
lâche
50%
notre
50%
quand
50%
repères
50%
rires
50%
silence
50%
vie
50%
vis
50%
voir
50%
autrement
44%
brèves
44%
caresses
44%
cette
44%
complétée
44%
croyais
44%
débattre
44%
défis
44%
enlace
44%
époque
44%
erre
44%
jamais
44%
lentement
44%
loin
44%
monde
44%
mort
44%
paraissent
44%
pourtant
44%
souffle
44%
tangue
44%
usée
44%
vent
44%
vers
44%
vraiment
44%
arrivée
38%
berce
38%
détruire
38%
épreuve
38%
faut
38%
fondent
38%
forte
38%
océan
38%
ouvrent
38%
parsemée
38%
peut
38%
plaies
38%
regarde
38%
regrets
38%
tendrement
38%
tourmente
38%
annonce
31%
emporte
31%
espoirs
31%
tente
31%
Aucun quiz correspondant
Distribution des résultats
% des personnes avec chaque résultat
Percentile par nombre de réponses
Votre historique - résultats
Vous n’avez pas pris ce quiz